Capitales con mayor peso demográfico - Estadísticas

Estadísticas generales
  • Esta prueba ha sido intentada 13 veces
  • La puntuación promedio es 11 de 30
Estadísticas de respuestas
Continente % Capital % Correcto
Europa 100% Ciudad del Vaticano
100%
Europa 100% Mónaco
83%
Europa 76% Luxemburgo
75%
Asia 100% Singapur
67%
América del Sur 30% Lima
58%
América del Sur 38% Montevideo
58%
Europa 52% Riga
50%
América del Sur 32% Santiago
50%
Europa 46% Tallin
50%
Europa 33% Oslo
42%
Europa 65% Reikiavik
42%
América del Norte 38% Castries
33%
Europa 40% Dublín
33%
Asia 37% Nicosia
33%
América del Sur 47% Paramaribo
33%
Asia 44% Ulán Bator
33%
Europa 35% Atenas
25%
América del Norte 39% Bridgetown
25%
Europa 36% Copenhague
25%
Asia 67% Doha
25%
América del Norte 74% Nasáu
25%
América del Norte 31% Panamá
25%
Europa 30% Tirana
25%
Oceanía 100% Yaren
25%
Asia 80% Kuwait
17%
Asia 39% Ereván
8%
Oceanía 66% Majuro
8%
Europa 32% Tiflis
8%
Asia 36% Amán
0%
África 54% Yibuti
0%
No se encontraron pruebas coincidentes
Distribución de puntuación
Porcentaje de gente con cada puntuación
Porcentaje por número respondido
Historial de tus puntuaciones
No has intentado esta prueba.